| 000 | 00994nam a2200229 i 4500 | ||
|---|---|---|---|
| 001 | 114145 | ||
| 003 | ES-MaACL | ||
| 005 | 20230906190103.0 | ||
| 007 | t| | ||
| 008 | 061121s1956 sp |||| | spa d | ||
| 100 | 1 |
_aTixera, José de la. _9110247 |
|
| 245 | 1 | 0 | _aNoticia en que se describe lo más notable acaecido en las fiestas reales de toros, executadas en la Plaza Mayor de la Villa y Corte de Madrid, con los muy pausibles motivos de la exaltación al trono del rey, el Sr. Don Carlos IV, y jura de su hijo... príncipe de Asturias, los días 22, 24 y 28 de septiembre de 1789. |
| 260 |
_aMadrid : _bUnión de Bibliófilos Taurinos, _c1956. |
||
| 300 |
_a85 p. ; _c22 cm. |
||
| 490 | 1 |
_aColección Carmena ; _v2 |
|
| 593 | _aAutor tomado del pr. (p. 10) | ||
| 650 | 4 |
_aCorridas de toros- _zMadrid- _vHistoria. _9138679 |
|
| 710 | 2 |
_aUnión de Bibliófilos Taurinos. _97005 |
|
| 830 | 0 |
_aColección Carmena ; _v2 _9183843 |
|
| 852 |
_aES-MaACL _jE-4120 |
||
| 999 |
_c114145 _d114145 |
||